|
|
|
|
| LEADER |
02397nam a2200613 i 4500 |
| 001 |
nkc20172905186 |
| 003 |
CZ PrNK |
| 005 |
20180227102401.0 |
| 007 |
ta |
| 008 |
170627s2017 xr abchf 001 0 cze |
| 015 |
|
|
|a cnb002905186
|
| 020 |
|
|
|a 978-80-86475-25-7
|q (vázáno)
|
| 035 |
|
|
|a (OCoLC)1022784210
|
| 040 |
|
|
|a BOA001
|b cze
|e rda
|
| 041 |
0 |
|
|a cze
|b eng
|b ger
|
| 043 |
|
|
|a e-xr---
|b e-xr-cc
|2 czenas
|
| 072 |
|
7 |
|a 549
|x Mineralogie
|2 Konspekt
|9 7
|
| 080 |
|
|
|a 549
|2 MRF
|
| 080 |
|
|
|a 553
|2 MRF
|
| 080 |
|
|
|a 55
|2 MRF
|
| 080 |
|
|
|a (437.31-16)
|2 MRF
|
| 080 |
|
|
|a (048.8:082)
|2 MRF
|
| 080 |
|
|
|a (084.12)
|2 MRF
|
| 100 |
1 |
|
|a Dvořák, Zdeněk,
|d 1959-
|7 jx20040406005
|4 aut
|
| 245 |
1 |
0 |
|a Minerály Českého středohoří /
|c Zdeněk Dvořák, Miroslav Radoň, Jiří Svejkovský, Oldřich Janeček, Pavel Dvořák, Petr Fuchs
|
| 250 |
|
|
|a Vydání první
|
| 264 |
|
1 |
|a Ústí nad Labem :
|b Muzeum města Ústí nad Labem,
|c 2017
|
| 300 |
|
|
|a 253 stran :
|b ilustrace (převážně barevné), mapy, portréty, faksimile ;
|c 31 cm
|
| 336 |
|
|
|a text
|b txt
|2 rdacontent
|
| 336 |
|
|
|a statický obraz
|b sti
|2 rdacontent
|
| 337 |
|
|
|a bez média
|b n
|2 rdamedia
|
| 338 |
|
|
|a svazek
|b nc
|2 rdacarrier
|
| 504 |
|
|
|a Obsahuje bibliografii a rejstříky
|
| 546 |
|
|
|a Anglické a německé resumé
|
| 650 |
0 |
7 |
|a minerály
|7 ph115322
|z Česko
|2 czenas
|
| 650 |
0 |
7 |
|a minerální ložiska
|7 ph122888
|z Česko
|2 czenas
|
| 650 |
0 |
9 |
|a minerals
|z Czechia
|2 eczenas
|
| 650 |
0 |
9 |
|a mineral deposits
|z Czechia
|2 eczenas
|
| 651 |
|
7 |
|a České středohoří (Česko : oblast)
|7 ge131706
|x geologické poměry
|2 czenas
|
| 651 |
|
9 |
|a České středohoří Mountains Region (Czechia)
|x geological conditions
|2 eczenas
|
| 655 |
|
7 |
|a kolektivní monografie
|7 fd501537
|2 czenas
|
| 655 |
|
7 |
|a fotografické publikace
|7 fd132276
|2 czenas
|
| 655 |
|
9 |
|a collective monographs
|2 eczenas
|
| 655 |
|
9 |
|a photographical works
|2 eczenas
|
| 700 |
1 |
|
|a Radoň, Miroslav,
|d 1974-
|7 ola2004262661
|4 aut
|
| 700 |
1 |
|
|a Svejkovský, Jiří,
|d 1970-
|7 xx0109898
|4 aut
|
| 700 |
1 |
|
|a Janeček, Oldřich,
|d 1961-
|7 xx0145189
|4 aut
|
| 700 |
1 |
|
|a Dvořák, Pavel,
|d 1960-
|7 xx0219618
|4 aut
|
| 700 |
1 |
|
|a Fuchs, Petr,
|d 1974-
|7 xx0219611
|4 aut
|
| 910 |
2 |
|
|a BOA001
|b 4-1398.929
|
| 990 |
|
|
|a BK
|
| 995 |
|
|
|a 01
|
| 991 |
|
|
|b 201712
|c NOV
|
| 996 |
6 |
|
|b 2610728302
|c 4-1398.929
|l MZK
|r Sklad / do 1 hodiny
|n 1
|p p.v.
|w 001644308
|u 000010
|a 1
|e BOA001
|j MZK50
|s P
|